Score 0/20 Timer 04:00
7 Plays Today
Question Answer Wrong Answers
stake, bet ante
93.9%
auntie
1.6%
rough, unrefined coarse
93.6%
course
1.9%
an army unit troop
90.1%
troupe
5.5%
a critical evaluation review
89.9%
revue
5.6%
awkward, clumsy inept
89.1%
inapt
6.4%
calm and pleasant balmy
85.2%
barmy
10.3%
having momentous consequences, controlled by fate fateful
84.9%
fatal
10.5%
a building for storing aircraft hangar
83.9%
hanger
11.6%
type of acid, precursor to vinegar acetic
79.4%
ascetic
16.1%
free from bias, impartial disinterested
78.6%
uninterested
16.9%
powerful and able to control others masterful
78.6%
masterly
16.9%
naïve, innocent ingenuous
76.2%
ingenious
19.4%
twice a year biannual
75%
biennial
20.6%
act upon, influence affect
74.9%
effect
20.6%
unfavorable adverse
74.5%
averse
21.1%
chief, leading, main principal
71%
principle
24.7%
trouble, pain afflict
62.5%
inflict
33.2%
careful in speech or action discreet
61.8%
discrete
33.7%
writing materials stationery
58.4%
stationary
37.3%
grey grizzly
35.7%
grisly
60.2%
Remove Ads.
Support Sporcle.
Get the best of Sporcle when you Go Orange. This ad-free experience offers more features, more stats, and more fun while also helping to support Sporcle. Thank you for becoming a member.

You're not logged in!

Compare scores with friends on all Sporcle quizzes.
OR
Log In

Show Comments

Extras

Top Quizzes Today


Score Distribution

Your Account Isn't Verified!

In order to create a playlist on Sporcle, you need to verify the email address you used during registration. Go to your Sporcle Settings to finish the process.

Report this User

Report this user for behavior that violates our Community Guidelines.

Details: